[Event "4NCL 2024-25"]
[Site "England ENG"]
[Date "2025.04.05"]
[Round "7.41"]
[White "Kovchan, Alexander"]
[Black "Bazakutsa, Svyatoslav"]
[Result "0-1"]
[WhiteTitle "GM"]
[BlackTitle "IM"]
[WhiteElo "2433"]
[BlackElo "2474"]
[WhiteTeam "Barnet Knights A"]
[BlackTeam "Wood Green Youth"]
[WhiteFideId "14103052"]
[BlackFideId "14198525"]
[EventDate "2024.11.23"]

1. e4 c5 2. Nf3 Nc6 3. d4 cxd4 4. Nxd4 Nf6 5. Nc3 e5 6. Ndb5 d6 7. Bg5 a6 8. Na3
b5 9. Nd5 Be7 10. Bxf6 Bxf6 11. c3 O-O 12. Nc2 Rb8 13. h4 g6 14. g3 Bg7 15. h5
Ne7 16. Nce3 Nxd5 17. Nxd5 Bb7 18. Bh3 Qg5 19. hxg6 hxg6 20. Bg2 Rfd8 21. Rh4
Bxd5 22. Qxd5 Rbc8 23. Rd1 Qe7 24. a3 Rc5 25. Qd3 Bf6 26. Rh1 Bg5 27. Qe2 Qe6
28. Bf3 a5 29. Kf1 Qb3 30. Rd3 Bc1 31. Kg2 Qxb2 32. Qd1 Bg5 33. Rxd6 Rcc8 34.
Bg4 Be7 35. Rd5 Rb8 36. Qf3 Rb6 37. Rxe5 Rf6 38. Bf5 Bf8 39. Qf4 Bg7 40. Qh4
gxf5 41. Rxf5 Qxc3 42. Rb1 Rb8 43. Qf4 Rbb6 44. Rd1 Rxf5 45. Rd8+ Bf8 46. exf5
Qc6+ 47. Kg1 Qh6 48. Qg4+ Qg7 49. Qd1 b4 50. axb4 axb4 51. Rd4 Qf6 52. Qg4+ Kh7
53. Qh5+ Bh6 54. Rd7 Kg8 55. Qg4+ Bg7 56. Ra7 b3 57. Ra8+ Kh7 58. Qh5+ Qh6 59.
Qxf7 Qc1+ 60. Kg2 Qc6+ 0-1

[Event "4NCL 2024-25"]
[Site "England ENG"]
[Date "2025.04.05"]
[Round "7.54"]
[White "Francis, Lishoy"]
[Black "Bates, Richard A"]
[Result "0-1"]
[BlackTitle "IM"]
[WhiteElo "1458"]
[BlackElo "2311"]
[WhiteTeam "Cheddleton Savills Catering"]
[BlackTeam "Blackthorne"]
[WhiteFideId "343407536"]
[BlackFideId "403555"]
[EventDate "2024.11.23"]

1. g3 g6 2. Bg2 Bg7 3. d3 c5 4. Nf3 Nc6 5. O-O e5 6. e4 Nge7 7. Nc3 d6 8. Be3
O-O 9. a3 h6 10. Qc1 Kh7 11. Bd2 f5 12. Re1 Be6 13. Kh1 Qd7 14. Nd1 Rf7 15. Ne3
Raf8 16. Nf1 fxe4 17. dxe4 Rxf3 18. Bxf3 Rxf3 19. Re2 Nd4 20. Qd1 Bg4 21. Be3
Nxe2 22. Qxe2 Rf8 23. Qc4 Bf3+ 0-1

[Event "4NCL 2024-25"]
[Site "England ENG"]
[Date "2025.04.05"]
[Round "7.55"]
[White "Webb, Laurence E"]
[Black "Pert, Nicholas"]
[Result "1-0"]
[WhiteTitle "FM"]
[BlackTitle "GM"]
[WhiteElo "2224"]
[BlackElo "2525"]
[WhiteTeam "Blackthorne"]
[BlackTeam "Cheddleton Savills Catering"]
[WhiteFideId "402389"]
[BlackFideId "403989"]
[EventDate "2024.11.23"]

1. d4 d5 2. c4 c6 3. cxd5 cxd5 4. Bf4 Nc6 5. e3 Nf6 6. Nc3 Bg4 7. Qb3 Na5 8.
Qa4+ Bd7 9. Qc2 Rc8 10. Bd3 b5 11. a3 e6 12. Nf3 Be7 13. O-O O-O 14. Ne5 a6 15.
Qe2 Be8 16. h3 Nd7 17. Nxd7 Bxd7 18. Rac1 Nc4 19. Rfd1 Bc6 20. Rc2 a5 21. Bxc4
bxc4 22. Be5 f6 23. Bg3 Be8 24. Rcd2 Bg6 25. e4 dxe4 26. d5 exd5 27. Nxd5 Qe8
28. Nxe7+ Qxe7 29. Bd6 Qe8 30. Bxf8 Qxf8 31. Qe3 h5 32. Qb6 Kh7 33. Qxa5 e3 34.
fxe3 Qe7 35. Qc3 Rc7 36. Rd5 Rb7 37. Qd4 Rb3 38. e4 Rg3 39. Kh2 h4 40. e5 f5 41.
Qf4 1-0

[Event "4NCL 2024-25"]
[Site "England ENG"]
[Date "2025.04.05"]
[Round "7.61"]
[White "Waldhausen Gordon, Frederick"]
[Black "Maroroa Jones, Gawain C B"]
[Result "1/2-1/2"]
[WhiteTitle "FM"]
[BlackTitle "GM"]
[WhiteElo "2407"]
[BlackElo "2654"]
[WhiteTeam "Alba"]
[BlackTeam "Chessable White Rose 1"]
[WhiteFideId "2409143"]
[BlackFideId "409561"]
[EventDate "2024.11.23"]

1. e4 e5 2. Nc3 Nf6 3. Bc4 Bc5 4. Nf3 d6 5. d3 c6 6. a3 O-O 7. O-O a5 8. Ba2 h6
9. Ne2 Bg4 10. Ng3 Nh5 11. Nxh5 Bxh5 12. h3 Na6 13. Qe2 Kh8 14. Be3 Qc8 15. Bxc5
Nxc5 16. Qe3 Bxf3 17. Qxf3 f5 18. exf5 Rxf5 19. Qe3 Qf8 20. b4 Na4 21. c4 Nc3
22. Qd2 axb4 23. axb4 Ra3 24. Qb2 Rxa2 25. Rxa2 Nxa2 26. Qxa2 Rg5 27. Qe2 d5 28.
cxd5 cxd5 29. Rc1 Kh7 30. Rc5 Qf7 31. g3 b6 32. Rc2 Qf4 33. b5 Qb4 34. Rb2 Qd4
35. Kh2 Rf5 36. Kg2 h5 37. h4 e4 38. dxe4 dxe4 39. Rb3 Qd5 40. Re3 Re5 41. Kg1
Qxb5 42. Qxb5 Rxb5 43. Rxe4 Kg6 44. Re7 Kf6 45. Rb7 Rb2 46. Kg2 g6 47. Kf3 Ke5
48. Re7+ Kf5 49. Rf7+ Ke6 50. Rg7 Kf6 51. Rb7 b5 52. Ke4 Re2+ 53. Kf3 Re5 54.
Kf4 Rc5 55. Rb6+ Kf7 56. f3 Rf5+ 57. Ke4 Rc5 58. Kf4 Rf5+ 1/2-1/2

[Event "4NCL 2024-25"]
[Site "England ENG"]
[Date "2025.04.05"]
[Round "7.62"]
[White "Alsina Leal, Daniel"]
[Black "Olson, Hamish"]
[Result "1-0"]
[WhiteTitle "GM"]
[BlackTitle "FM"]
[WhiteElo "2496"]
[BlackElo "2368"]
[WhiteTeam "Chessable White Rose 1"]
[BlackTeam "Alba"]
[WhiteFideId "2252627"]
[BlackFideId "2404257"]
[EventDate "2024.11.23"]

1. e4 e5 2. Nf3 Nc6 3. Bb5 a6 4. Ba4 Nf6 5. O-O Be7 6. Re1 b5 7. Bb3 d6 8. c3
O-O 9. h3 Nb8 10. d4 Nbd7 11. c4 c6 12. Qc2 Bb7 13. a3 Rc8 14. Nc3 exd4 15. Nxd4
bxc4 16. Bxc4 d5 17. Ba2 c5 18. Nf5 dxe4 19. Bf4 c4 20. Rad1 g6 21. Ne3 Qe8 22.
Nxc4 Nc5 23. Nd6 Bxd6 24. Bxd6 Nd3 25. Re2 Kg7 26. Bxf8+ Qxf8 27. Qd2 Qc5 28.
Qe3 Qc7 29. Bb1 Qc6 30. Red2 Re8 31. f3 exf3 32. Qxd3 Qe6 33. Ba2 Qe5 34. Qd4
Qg3 35. Rf2 Re5 36. Qd3 Rg5 37. Qe3 Nh5 38. Bd5 Nf4 39. Qxf3 Nxh3+ 40. Kf1 Qxf2+
41. Qxf2 1-0

[Event "4NCL 2024-25"]
[Site "England ENG"]
[Date "2025.04.05"]
[Round "7.63"]
[White "Vijayakumar, Rishi"]
[Black "Plat, Vojtech"]
[Result "0-1"]
[WhiteTitle "FM"]
[BlackTitle "GM"]
[WhiteElo "2317"]
[BlackElo "2479"]
[WhiteTeam "Alba"]
[BlackTeam "Chessable White Rose 1"]
[WhiteFideId "2408953"]
[BlackFideId "325740"]
[EventDate "2024.11.23"]

1. d4 Nf6 2. c4 g6 3. Nc3 d5 4. Bg5 Ne4 5. h4 Nxc3 6. bxc3 Bg7 7. cxd5 Qxd5 8.
e3 c5 9. Qf3 Qxf3 10. Nxf3 Nc6 11. Be2 e5 12. d5 Na5 13. e4 b6 14. h5 h6 15. Be3
g5 16. Nd2 f5 17. f3 f4 18. Bf2 Ke7 19. Nb3 Nb7 20. a4 Nd6 21. Kd1 Bd7 22. Kc2
Bf6 23. Nd2 Rhc8 24. Nc4 Rab8 25. Nxd6 Kxd6 26. Rhb1 g4 27. Bb5 Rg8 28. Kd3 g3
29. Bg1 Bxb5+ 30. Rxb5 a6 31. Rb2 Be7 32. c4 a5 33. Ke2 Kc7 34. Kf1 Bd6 35. Raa2
Rg5 36. Rb3 Rxh5 37. Rc2 Rg5 38. Ra2 Rg6 39. Rc2 h5 40. Ra2 h4 41. Rc2 Be7 42.
Rd2 Rbg8 43. Rbb2 Bd8 44. Rbc2 Kd7 45. Rb2 Rh8 46. Rdc2 Ke8 47. Rd2 Rh5 48. Rbc2
Kf7 49. Rb2 Rgh6 50. Rd3 h3 51. gxh3 Rxh3 52. Rg2 Rh1 53. Rb3 Kf6 54. Rb5 Kg5
55. Rbb2 Kh4 56. Ke2 Kh3 57. Kd3 Rg6 58. Rbd2 Be7 59. Rb2 Rg8 60. Rbc2 Rc8 61.
Kc3 Bh4 62. Rb2 Be7 63. Rbc2 b5 64. cxb5 c4 65. b6 Bb4+ 66. Kb2 Be1 67. d6 c3+
68. Ka2 Bd2 69. b7 Rb8 70. Rgxd2 cxd2 71. Rxd2 Rxg1 72. d7 Rg2 73. d8=Q Rxd8 74.
Ka3 Rgxd2 75. b8=R R8d3+ 0-1

[Event "4NCL 2024-25"]
[Site "England ENG"]
[Date "2025.04.06"]
[Round "8.11"]
[White "Harvey, Marcus R"]
[Black "Gormally, Daniel W"]
[Result "0-1"]
[WhiteTitle "IM"]
[BlackTitle "GM"]
[WhiteElo "2474"]
[BlackElo "2428"]
[WhiteTeam "Wood Green"]
[BlackTeam "Blackthorne"]
[WhiteFideId "400092"]
[BlackFideId "406465"]
[EventDate "2024.11.23"]

1. b3 e5 2. Bb2 Nc6 3. e3 Nge7 4. h4 d5 5. h5 Be6 6. Nf3 f6 7. d4 exd4 8. Nxd4
Nxd4 9. Qxd4 Nf5 10. Qa4+ c6 11. Bd3 b5 12. Qa6 Qb6 13. Qxb6 axb6 14. e4 dxe4
15. Bxe4 Kd7 16. Nc3 Bc5 17. O-O-O+ Kc7 18. g4 Nd6 19. Bf3 b4 20. Ne2 h6 21. Nf4
Bf7 22. Nd3 Nb5 23. Rd2 Bd6 24. a4 bxa3 25. Ba1 Bd5 26. Rh3 Bxf3 27. Rxf3 c5 28.
c4 Nd4 29. Bxd4 cxd4 30. Kb1 Rhe8 31. b4 Re4 32. c5 bxc5 33. bxc5 Be5 34. Rf5
Rxg4 35. f4 a2+ 36. Rxa2 Rg1+ 37. Kb2 Rb8+ 38. Ka3 Rgb1 39. Rb2 Ra1+ 40. Ra2
Ra8+ 41. Kb3 R1xa2 42. fxe5 R2a3+ 43. Kc4 Rd8 44. Nf4 Rc3+ 45. Kb4 Rb8+ 46. Ka4
Rc1 47. Nd5+ Kd7 48. Nb6+ Ke6 49. Rf2 Rxc5 50. exf6 gxf6 51. Rb2 Rc6 52. Re2+
Kf7 53. Nd5 Ra6# 0-1

[Event "4NCL 2024-25"]
[Site "England ENG"]
[Date "2025.04.06"]
[Round "8.12"]
[White "Ledger, Andrew J"]
[Black "Speelman, Jon S"]
[Result "1/2-1/2"]
[WhiteTitle "IM"]
[BlackTitle "GM"]
[WhiteElo "2345"]
[BlackElo "2492"]
[WhiteTeam "Blackthorne"]
[BlackTeam "Wood Green"]
[WhiteFideId "400610"]
[BlackFideId "400033"]
[EventDate "2024.11.23"]

1. c4 e6 2. Nc3 b6 3. e4 Bb7 4. g3 Bb4 5. Nge2 f5 6. Bg2 Nf6 7. d3 fxe4 8. O-O
Nc6 9. dxe4 a5 10. a3 Bc5 11. Nf4 Ne5 12. b3 O-O 13. h3 Qe8 14. Bb2 Ng6 15. Nd3
Bd4 16. Qe2 d6 17. Nb5 Bxb2 1/2-1/2

[Event "4NCL 2024-25"]
[Site "England ENG"]
[Date "2025.04.06"]
[Round "8.21"]
[White "Lupulescu, Constantin"]
[Black "Kovchan, Alexander"]
[Result "1/2-1/2"]
[WhiteTitle "GM"]
[BlackTitle "GM"]
[WhiteElo "2577"]
[BlackElo "2433"]
[WhiteTeam "Manx Liberty"]
[BlackTeam "Barnet Knights A"]
[WhiteFideId "1207822"]
[BlackFideId "14103052"]
[EventDate "2024.11.23"]

1. Nf3 Nf6 2. c4 b6 3. Nc3 Bb7 4. d4 e6 5. g3 Bb4 6. Bd2 Bxc3 7. Bxc3 Ne4 8. Rc1
d6 9. Bg2 Nxc3 10. Rxc3 Nd7 11. O-O O-O 12. d5 e5 13. e4 a5 14. b3 Bc8 15. Nd2
f5 16. exf5 Rxf5 17. a3 Rf8 18. Ne4 Nc5 19. b4 axb4 20. axb4 Nxe4 21. Bxe4 Bf5
22. Bxf5 Rxf5 23. c5 bxc5 24. bxc5 Qf6 25. Qc2 Rf8 26. cxd6 cxd6 27. Rc8 h5 28.
Rxf8+ Qxf8 29. Ra1 e4 30. Re1 Rxd5 31. Rxe4 Qf5 32. Qe2 1/2-1/2

[Event "4NCL 2024-25"]
[Site "England ENG"]
[Date "2025.04.06"]
[Round "8.22"]
[White "Badacsonyi, Stanley"]
[Black "Kantor, Gergely"]
[Result "0-1"]
[WhiteTitle "FM"]
[BlackTitle "GM"]
[WhiteElo "2320"]
[BlackElo "2578"]
[WhiteTeam "Barnet Knights A"]
[BlackTeam "Manx Liberty"]
[WhiteFideId "486973"]
[BlackFideId "751499"]
[EventDate "2024.11.23"]

1. d4 Nf6 2. c4 e6 3. Nc3 Bb4 4. e3 O-O 5. Bd2 d5 6. Nf3 b6 7. cxd5 exd5 8. Rc1
Re8 9. Bd3 Bf8 10. Ne5 c5 11. O-O Bb7 12. f4 Nc6 13. Ne2 c4 14. Bb1 b5 15. Be1
Ne4 16. Ng3 Ne7 17. f5 f6 18. Ng4 Nc8 19. Bxe4 dxe4 20. Nh5 Nb6 21. b3 Rc8 22.
bxc4 bxc4 23. Bh4 Nd5 24. Rb1 Ba6 25. Qa4 Qd6 26. Rfc1 c3 27. Bg3 Qc6 28. Qa5
Kh8 29. h3 c2 30. Rb3 Qc4 31. Kh2 Bb4 32. Rxb4 Nxb4 33. a3 Nc6 34. Qe1 Qf7 35.
Nf4 Bd3 36. Nf2 Qd7 37. N4xd3 exd3 38. Qd2 Qxf5 39. Nxd3 Na5 40. e4 Nb3 41. exf5
Nxd2 42. Nc5 Re2 43. Kh1 Rxc5 0-1

[Event "4NCL 2024-25"]
[Site "England ENG"]
[Date "2025.04.06"]
[Round "8.25"]
[White "Royal, Shreyas"]
[Black "Villiers, Thomas"]
[Result "1-0"]
[WhiteTitle "GM"]
[BlackTitle "CM"]
[WhiteElo "2465"]
[BlackElo "2154"]
[WhiteTeam "Manx Liberty"]
[BlackTeam "Barnet Knights A"]
[WhiteFideId "448869"]
[BlackFideId "427209"]
[EventDate "2024.11.23"]

1. c4 c6 2. Nf3 d5 3. g3 Nf6 4. Bg2 Bf5 5. Qb3 Qb6 6. d3 Nbd7 7. Be3 Qxb3 8.
axb3 e5 9. O-O a6 10. d4 Bd6 11. dxe5 Nxe5 12. Bd4 Nxf3+ 13. Bxf3 dxc4 14. e4
Bg4 15. Bg2 Be7 16. bxc4 O-O 17. Bc3 Rad8 18. Nd2 Rd3 19. e5 Ne8 20. Nb3 Nc7 21.
Na5 Bc8 22. Be4 Rd7 23. b4 Ne6 24. f4 Nd4 25. Kf2 Rfd8 26. Rfd1 c5 27. Bxd4 Rxd4
28. Rxd4 Rxd4 29. Ke3 Rd7 30. b5 axb5 31. cxb5 g6 32. Nc4 Rd8 33. Ra7 Be6 34.
Na5 c4 35. Nxb7 Rd1 36. Nd6 Bxd6 37. exd6 Rxd6 38. Ra6 1-0

[Event "4NCL 2024-25"]
[Site "England ENG"]
[Date "2025.04.06"]
[Round "8.31"]
[White "Fernandez, Daniel Howard"]
[Black "Waldhausen Gordon, Frederick"]
[Result "0-1"]
[WhiteTitle "GM"]
[BlackTitle "FM"]
[WhiteElo "2485"]
[BlackElo "2407"]
[WhiteTeam "The Sharks 1"]
[BlackTeam "Alba"]
[WhiteFideId "5801605"]
[BlackFideId "2409143"]
[EventDate "2024.11.23"]

1. e4 e5 2. Nf3 Nc6 3. Bc4 Nf6 4. d3 Bc5 5. Bg5 h6 6. Bh4 Be7 7. Bg3 d6 8. Nbd2
O-O 9. a4 Be6 10. O-O Qd7 11. c3 Rfe8 12. Re1 Bf8 13. a5 a6 14. h3 Rad8 15. Qb3
Rb8 16. Nf1 Bxc4 17. Qxc4 Qe6 18. Qxe6 fxe6 19. N1d2 Rbc8 20. Kf1 g6 21. b4 Kf7
22. Reb1 Ra8 23. Ke2 Bg7 24. h4 Ke7 25. Nc4 Kd7 26. Nfd2 Nh5 27. Nb3 Nxg3+ 28.
fxg3 Rf8 29. g4 Bf6 30. g3 Be7 31. Ne3 Na7 32. c4 Rf7 33. Rf1 Rxf1 34. Rxf1 Rf8
35. Rb1 g5 36. hxg5 Bxg5 37. Nc2 Rg8 38. d4 exd4 39. Nbxd4 Bf6 40. Rh1 Rg6 41.
Kf3 Bg7 42. Rh5 Rg5 43. Rxg5 hxg5 44. Ke3 Bxd4+ 45. Kxd4 c5+ 46. Kc3 Nc6 47.
bxc5 dxc5 48. Ne1 Nxa5 49. Nf3 Nc6 50. e5 b5 51. Nxg5 Nxe5 52. Ne4 Kc6 53. g5
bxc4 54. Nf6 a5 55. Nh5 a4 56. Nf4 Kd6 57. g6 Ke7 58. g7 Kf7 59. Nxe6 a3 60. Kc2
Nd3 61. Ng5+ Kxg7 0-1

[Event "4NCL 2024-25"]
[Site "England ENG"]
[Date "2025.04.06"]
[Round "8.33"]
[White "Ghasi, Ameet K"]
[Black "Vijayakumar, Rishi"]
[Result "1-0"]
[WhiteTitle "GM"]
[BlackTitle "FM"]
[WhiteElo "2502"]
[BlackElo "2317"]
[WhiteTeam "The Sharks 1"]
[BlackTeam "Alba"]
[WhiteFideId "409200"]
[BlackFideId "2408953"]
[EventDate "2024.11.23"]

1. Nf3 d5 2. g3 c5 3. Bg2 f6 4. O-O e5 5. d3 Nc6 6. c4 d4 7. e3 Bd6 8. exd4 cxd4
9. Nbd2 Nge7 10. a3 a5 11. Rb1 Ng6 12. h4 O-O 13. h5 Nh8 14. Nh4 Be6 15. Ne4 Be7
16. f4 h6 17. f5 Bd7 18. Ng6 Re8 19. c5 a4 20. Bd2 Nf7 21. b4 Na7 22. Nf2 Bc6
23. Bxc6 bxc6 24. Qxa4 Nb5 25. Qb3 Rxa3 26. Qe6 Bd6 27. Qc4 Bc7 28. Ra1 Qd5 29.
Ne4 Kh7 30. Rxa3 Nxa3 31. Qa6 Nb5 32. Ra1 Qd7 33. g4 Qd5 34. Qa2 Ng5 35. Bxg5
hxg5 36. h6 Qxa2 37. Rxa2 Bd8 38. hxg7 Kxg7 39. Ra6 Bc7 40. Rxc6 Ra8 41. Nxf6
Ra1+ 42. Kg2 Ra2+ 43. Kf3 Kf7 44. Nd7 e4+ 45. Kxe4 Rb2 46. Nde5+ Kg7 47. f6+ Kh7
48. f7 Bd6 49. Rxd6 Nxd6+ 50. cxd6 Rf2 51. d7 Rf1 52. d8=Q Re1+ 53. Kd5 1-0

[Event "4NCL 2024-25"]
[Site "England ENG"]
[Date "2025.04.06"]
[Round "8.41"]
[White "Golding, Alex"]
[Black "Parker, Jonathan F"]
[Result "1/2-1/2"]
[WhiteTitle "FM"]
[BlackTitle "GM"]
[WhiteElo "2369"]
[BlackElo "2518"]
[WhiteTeam "Wood Green Youth"]
[BlackTeam "Barbican 4NCL"]
[WhiteFideId "427241"]
[BlackFideId "400580"]
[EventDate "2024.11.23"]

1. d4 Nf6 2. c3 g6 3. Bg5 Bg7 4. Nd2 d6 5. e4 h6 6. Bh4 c5 7. dxc5 dxc5 8. Bb5+
Bd7 9. Bxf6 Bxf6 10. Bxd7+ Qxd7 11. Qe2 Nc6 12. Ngf3 Rd8 13. Rd1 Qc7 14. O-O Bg7
15. Nb3 Rxd1 16. Rxd1 b6 17. g3 O-O 18. Kg2 Rd8 19. Rxd8+ Nxd8 20. Qb5 Kf8 21.
Nbd2 Qc6 22. Qxc6 Nxc6 23. Kf1 Ke8 24. Ke2 Kd7 25. Ne1 b5 26. Nc2 e6 27. f4 Bf8
28. b3 a6 29. Ne3 Be7 30. e5 h5 31. Ne4 Nd8 32. Kd3 Nc6 33. Nf1 Na5 34. Nfd2 Nc6
35. Nf3 Nd8 36. Nfg5 Kc6 37. c4 b4 38. Nh7 Kc7 39. Nhf6 Kc6 40. Ke3 a5 41. Ng8
Bf8 42. Nef6 Nb7 43. Ke4 Kc7 44. h3 Kd8 45. g4 hxg4 46. hxg4 Bg7 47. f5 gxf5+
48. gxf5 exf5+ 49. Kxf5 a4 50. bxa4 Na5 51. Ke4 Nxc4 52. Kd5 Nb6+ 53. Kxc5 Nxa4+
54. Kxb4 Nb2 55. Kc3 Na4+ 56. Kd4 Bf8 57. Ne4 Kd7 58. Ngf6+ Ke6 59. Ng5+ Ke7 60.
Nd5+ Ke8 61. Ne4 Kd7 62. Ndc3 Nxc3 63. Nxc3 Ke6 64. Ne4 Bg7 65. Ng5+ Ke7 66. Kd5
Bxe5 1/2-1/2

[Event "4NCL 2024-25"]
[Site "England ENG"]
[Date "2025.04.06"]
[Round "8.43"]
[White "Bazakutsa, Svyatoslav"]
[Black "Merry, Alan B"]
[Result "1-0"]
[WhiteTitle "IM"]
[BlackTitle "IM"]
[WhiteElo "2474"]
[BlackElo "2414"]
[WhiteTeam "Wood Green Youth"]
[BlackTeam "Barbican 4NCL"]
[WhiteFideId "14198525"]
[BlackFideId "418811"]
[EventDate "2024.11.23"]

1. d4 Nf6 2. c4 e6 3. Nc3 Bb4 4. e3 O-O 5. Bd3 d5 6. Nf3 dxc4 7. Bxc4 c5 8. O-O
cxd4 9. exd4 Nc6 10. a3 Bxc3 11. bxc3 b6 12. Bd3 Bb7 13. Bb2 Qd6 14. Re1 Rfd8
15. h3 Rac8 16. c4 Ne7 17. a4 Ng6 18. Re3 Qb4 19. Qd2 Qxd2 20. Nxd2 Ne8 21. a5
Nd6 22. g3 Ne7 23. g4 Nc6 24. axb6 axb6 25. Bf1 Ra8 26. Rxa8 Bxa8 27. c5 Nc8 28.
Ra3 Bb7 29. cxb6 N6e7 30. Nc4 h6 31. Rb3 Nd5 32. Na5 Nd6 33. Ba3 Ra8 34. Nxb7
Nxb7 35. Bc4 Na5 36. Bxd5 exd5 37. Rb5 Nb7 38. Be7 Ra6 39. Rxd5 Rxb6 40. Rd7 f6
41. d5 Rb3 42. Kg2 Na5 43. Rc7 Rd3 44. d6 Kf7 45. f4 Nb3 46. f5 Ke8 47. Rc8+ Kd7
48. Rg8 Nd2 49. Rxg7 Ne4 50. Bxf6+ Kxd6 51. Re7 Nxf6 52. Re6+ Kd5 53. Rxf6 Ke4
54. Rxh6 Kf4 55. f6 Rd2+ 56. Kf1 Kg5 57. f7 Rd7 58. Rh5+ 1-0

[Event "4NCL 2024-25"]
[Site "England ENG"]
[Date "2025.04.06"]
[Round "8.52"]
[White "Bremner, Adam"]
[Black "Kirk, Ezra"]
[Result "1/2-1/2"]
[WhiteTitle "CM"]
[BlackTitle "IM"]
[WhiteElo "2140"]
[BlackElo "2394"]
[WhiteTeam "The Sharks 2"]
[BlackTeam "Cheddleton Savills Catering"]
[WhiteFideId "2400847"]
[BlackFideId "600067"]
[EventDate "2024.11.23"]

1. e4 c5 2. Nf3 Nc6 3. c3 Nf6 4. e5 Nd5 5. d4 cxd4 6. Bc4 Nb6 7. Bb3 d6 8. exd6
Qxd6 9. O-O e6 10. cxd4 Be7 11. Nc3 O-O 12. Be3 Rd8 13. Qe2 Nd5 14. Rfd1 Nxe3
15. Qxe3 Nb4 16. d5 Qb6 17. Qxb6 axb6 18. a3 Na6 19. dxe6 Bxe6 20. Bxe6 fxe6 21.
Re1 Nc5 22. Ne4 Nd3 23. Re2 Rac8 24. g3 Rd5 25. Nc3 Rf5 26. Nd4 Rxf2 27. Rxf2
Nxf2 28. Kxf2 Bc5 29. Nb5 e5 30. Rd1 Rd8 31. Ke3 exd4+ 32. Nxd4 Be7 33. Rd3 Bf6
34. b3 Kf7 35. Nb5 Rxd3+ 36. Kxd3 Ke6 37. Ke4 Bb2 38. a4 g6 39. g4 Bf6 40. Nc7+
Kd7 41. Nd5 Bd8 42. b4 Kc6 43. Ke5 b5 44. a5 Bg5 45. Ke6 Bd2 1/2-1/2

[Event "4NCL 2024-25"]
[Site "England ENG"]
[Date "2025.04.06"]
[Round "8.61"]
[White "Maroroa Jones, Gawain C B"]
[Black "Larkin, Vladyslav"]
[Result "1-0"]
[WhiteTitle "GM"]
[BlackTitle "IM"]
[WhiteElo "2654"]
[BlackElo "2449"]
[WhiteTeam "Chessable White Rose 1"]
[BlackTeam "CSC/Kingston 1"]
[WhiteFideId "409561"]
[BlackFideId "14152894"]
[EventDate "2024.11.23"]

1. c4 e5 2. g3 Nc6 3. Bg2 Bc5 4. Nc3 d6 5. Nf3 a6 6. d3 Nf6 7. O-O h6 8. e3 O-O
9. a3 Ba7 10. b4 Be6 11. h3 Ne7 12. Kh2 Re8 13. Bb2 Rb8 14. a4 c6 15. a5 Rc8 16.
Na4 Nd7 17. Rc1 Bb8 18. Nd2 d5 19. Nb3 Bd6 20. Qd2 f6 21. Nb6 Nxb6 22. axb6 Qd7
23. e4 Rcd8 24. Qe1 Nc8 25. exd5 cxd5 26. c5 Bb8 27. c6 bxc6 28. Nc5 Qf7 29. b7
Na7 30. d4 e4 31. b5 Nxb5 32. Qa5 Bf5 33. Qxa6 Qc7 34. Nxe4 Bxe4 35. Rxc6 Rd6
36. Rfc1 Na7 37. Rxc7 Rxa6 38. Bxe4 dxe4 39. Rc8 Kf7 40. Rxe8 Kxe8 41. Rc8+ Kd7
42. Rxb8 Kc7 43. Rg8 Kxb7 44. Rxg7+ Kc6 45. Bc1 Nb5 46. Be3 Kd5 47. g4 Rd6 48.
Rg6 Nxd4 49. Rxh6 Nc2 50. Kg3 Rc6 51. Kf4 Ne1 52. Kf5 Ng2 53. Rh8 1-0

[Event "4NCL 2024-25"]
[Site "England ENG"]
[Date "2025.04.06"]
[Round "8.62"]
[White "Bottazzi, Ulysse"]
[Black "Alsina Leal, Daniel"]
[Result "1/2-1/2"]
[WhiteTitle "FM"]
[BlackTitle "GM"]
[WhiteElo "2329"]
[BlackElo "2496"]
[WhiteTeam "CSC/Kingston 1"]
[BlackTeam "Chessable White Rose 1"]
[WhiteFideId "45102988"]
[BlackFideId "2252627"]
[EventDate "2024.11.23"]

1. e4 c5 2. Nf3 Nc6 3. d4 cxd4 4. Nxd4 Nf6 5. Nc3 e5 6. Ndb5 d6 7. Bg5 a6 8. Na3
b5 9. Nd5 Be7 10. Bxf6 Bxf6 11. c3 Bg5 12. Nc2 Rb8 13. a4 bxa4 14. Ncb4 Nxb4 15.
cxb4 O-O 16. Qxa4 Bb7 17. Bc4 Qc8 18. Bxa6 Qg4 19. O-O Bxd5 20. exd5 Qxb4 21.
Qd7 Rfd8 22. Qf5 Qf4 23. Qxf4 Bxf4 24. Rfb1 Bd2 25. b3 f5 26. Bc4 Ra8 27. Kf1 e4
28. Bb5 Rdb8 29. Ra4 Ra5 30. Rxa5 Bxa5 31. Ba4 Bb4 32. Ke2 Rb7 33. f3 Re7 34.
fxe4 Rxe4+ 35. Kd3 Bc5 36. Bd7 g6 37. Rb2 Kg7 38. Be6 h5 39. Re2 Rb4 40. Kc3 h4
41. h3 Rd4 42. Bd7 Rxd5 43. b4 Bb6 44. Rd2 Rxd2 45. Kxd2 Kf6 46. Kd3 d5 47. b5
Ke5 48. Be8 g5 49. Bd7 Kf4 50. Bc6 Ke5 51. Bd7 Ba7 52. Bc8 Bc5 53. Bd7 Bb6 54.
Bc8 Kf4 55. Bb7 d4 56. Bc8 g4 57. Bd7 Ba7 58. Bc8 Bc5 59. Bd7 Bb6 60. Bc8 gxh3
61. gxh3 Ke5 62. Bd7 Ba7 63. Bc8 Bc5 64. Bd7 Bb6 65. Bc8 f4 66. Bg4 Kd5 67. Bf3+
Kc5 68. Bg4 Kxb5 69. Bf3 Kc5 70. Bg4 Ba5 71. Bf3 Be1 72. Bg4 Bf2 73. Bf3 Be3 74.
Bg4 Kd5 1/2-1/2

[Event "4NCL 2024-25"]
[Site "England ENG"]
[Date "2025.04.06"]
[Round "8.63"]
[White "Plat, Vojtech"]
[Black "Bezuidenhout, Roland"]
[Result "1-0"]
[WhiteTitle "GM"]
[BlackTitle "FM"]
[WhiteElo "2479"]
[BlackElo "2311"]
[WhiteTeam "Chessable White Rose 1"]
[BlackTeam "CSC/Kingston 1"]
[WhiteFideId "325740"]
[BlackFideId "14304562"]
[EventDate "2024.11.23"]

1. e4 c5 2. Nf3 Nc6 3. c3 Nf6 4. e5 Nd5 5. Bc4 Nb6 6. Bb3 c4 7. Bc2 d6 8. exd6
Qxd6 9. O-O Bg4 10. h3 Bh5 11. Re1 O-O-O 12. b3 e6 13. Na3 Qc7 14. Nxc4 Nxc4 15.
bxc4 Na5 16. d4 Nxc4 17. Qe2 Bd6 18. Rb1 Bg6 19. Bxg6 hxg6 20. a4 Rhe8 21. Nd2
Nxd2 22. Bxd2 Qc6 23. c4 Bc7 24. Be3 Qd6 25. Qf3 b6 26. g3 Re7 27. Bf4 e5 28.
Bxe5 Qe6 29. Qa8+ Kd7 30. Qxa7 Rc8 31. d5 Qf5 32. Bxc7 Rxe1+ 33. Rxe1 Rxc7 34.
Qxb6 1-0